000 00547nam a22001817a 4500
003 OSt
008 260606b |||||||| |||| 00| 0 eng d
020 _a9789394023031
082 _a631.410284
_bA11P
245 _aPractical Manual on Soil Testing/
_bby Priyadarshani A...[et al.]
260 _aDelhi:
_bInternational Books & Periodicals Supply Service;
_c2023.
300 _axi, 98 p.
650 _aAgriculture and related technologies
650 _aSoil science
650 _aSoil chemistry
700 _aA, Priyadarshani
942 _2ddc
_cBK
999 _c51643
_d51643